000 00422nam a2200181Ia 4500
005 20250425161328.0
008 250425s9999 xx 000 0 und d
041 _aeng
082 _a621.317
100 _aHEUMANN, GERHART W
245 0 _aMAGNETIC CONTROL OF INDUSTRIAL MOTORS
250 _aS.E.
260 _aEstados Unidos
_bWILE
_c1961
260 _aNEW YORK
300 _a295
942 _c01
010 _a17853
999 _c207025
_d207025